| 000 | 00634nam a2200241Ia 4500 | ||
|---|---|---|---|
| 005 | 20260121113003.0 | ||
| 008 | 10399 260114s9999 xx 000 0 eng d | ||
| 020 | _a9789812831705 | ||
| 037 | _aEBOOK | ||
| 040 |
_aCRL _beng _cCRL |
||
| 041 |
_aeng _2eng |
||
| 084 | _qCRL | ||
| 100 |
_aGiri Narayan C _9966420 |
||
| 245 | 0 | _aGroup Invariance in Statistical Inference | |
| 260 | _bWorld Scientific | ||
| 260 | _bWSPC | ||
| 260 | _c1996 | ||
| 650 |
_aMathematics _9966421 |
||
| 856 | _uhttps://www.worldscientific.com/worldscibooks/10.1142/2462#t=toc | ||
| 942 | _cEBOOK | ||
| 999 |
_c1547699 _d1547699 |
||